| 000 | 01022cam a22001814a 4500 | ||
|---|---|---|---|
| 005 | 20250605164357.0 | ||
| 008 | 250528s ||||||||||||||||||||||||d | ||
| 035 | _a24413 | ||
| 040 |
_aGR-AtMCL _bgre _dGR-AtMCL _eAACR2 |
||
| 245 | 1 | _aMass Spectrometry / Ioannis Papayannopoulos on Techniques in the Development of Protein Biologics and Dave Elder on GC-MS Applications in Pharmaceutical Analysis | |
| 260 |
_bRussel Publishing Ltd, _c2017 |
||
| 300 | _a72 | ||
| 520 | _aMicrobiology: Kevin Williams Considers the Parameters Involved in Performing an Endotoxin Masking Hold-Time Study and Tim Sandle Discusses Microbiological Monitoring of Water Systems and Jeanne Moldenhauer Analyses the Rush to Rapid Microbiological Methods, Packaging: Jerome Bertin and Johan Verhaeghe Examine Various Implications of the Falsified Medicines Directive and While Dennis Jenke Discusses Strategic Aspects of Change Control. | ||
| 700 | 1 |
_aBremer Steve _99462 |
|
| 942 | _cCR | ||
| 999 |
_c9296 _d9296 |
||